The Power of Your Sub Conscious Mind (Record no. 12448)

MARC details
000 -LEADER
fixed length control field 00279nam a22000977a 4500
008 - FIXED-LENGTH DATA ELEMENTS--GENERAL INFORMATION
fixed length control field 231013b |||||||| |||| 00| 0 eng d
020 ## - INTERNATIONAL STANDARD BOOK NUMBER
International Standard Book Number 9780143453604
100 ## - MAIN ENTRY--PERSONAL NAME
Personal name Murphy Joesph
9 (RLIN) 7716
245 ## - TITLE STATEMENT
Title The Power of Your Sub Conscious Mind
260 ## - PUBLICATION, DISTRIBUTION, ETC. (IMPRINT)
Place of publication, distribution, etc. Haryana
Name of publisher, distributor, etc. Penguin Random House
Date of publication, distribution, etc. 2021
Holdings
Withdrawn status Lost status Source of classification or shelving scheme Damaged status Koha normalized classification for sorting Not for loan Home library Current library Shelving location Date acquired Total Checkouts Total Renewals Full call number Barcode Date last seen Date last checked out Price effective from Koha item type
    Dewey Decimal Classification   MUR_150_000000000000000   Good Samaritan School Library Good Samaritan School Library PSYCHOLOGY 10/13/2023 12 3 MUR150 MUR17660 11/12/2025 10/18/2025 10/13/2023 BOOK

Powered by Koha